Responses for Show #91 - Monday, January 14, 1985

Contestants

[<< previous game]

Rudi Logan, a loan processor originally from Pittsburgh, Pennsylvania

Tom Waters, a sporting goods salesman from Savannah, Georgia

Rick Thierbach, a deputy district attorney originally from Broadview, Illinois (whose 1-day cash winnings total $6,500)

[next game >>]

Jeopardy! Round responses

"C" CITIES
WATER
COUNTRY MUSIC
1955
CATS & DOGS
SEVENS
    $100 4
Chicago

Rudi
    $100 8
ice

Rudi
    $100 21
Alabama

Rick
    $100 1
Eisenhower

Rick
    $100 22
Morris

Tom
    $100 16
7-Up

Rudi
    $200 5
Canterbury

Rudi
    $200 14
(Rudi: What is the Pacific Ocean?)
(Tom: What are the ice caps?)
...
(Alex: All [*], not just the Pacific.)

the oceans

TomRudi
Triple Stumper
    $200 2
Davy Crockett

Rick
    $200 23
[The end-of-round signal sounds.]

Benji

Tom
    $200 17
(Alex: And we have less than a minute to go in the round.)

the seventh-inning stretch

Rick
    $300 6
Columbus

Rudi
    $300 12
(Rudi: What is Cistercia?)
...
(Alex: Named for Artois.)

Artesian

TomRudi
    $300 3
junk mail

Rudi
    $300 18
thou shalt not commit adultery

Tom
    $400 7
(Rudi: [No response])

Copenhagen

TomRudi
    $500 13
(Alex: Tom, there are so many smiles of recognition in our audience, because we have people out there who remember this group. Give me a question for $500.)
(Tom: Who are the Irish Rovers?)
(Alex: Oh, no. Who are [*], right, folks? Hey, they remember them. [*] made a lot of Western movies with Roy Rogers.)

the Sons of the Pioneers

Tom
    $400 9
(Rudi: Who is Ballaguena?)

(Fulgencio) Batista

RickRudi
    $400 19
Seventh-Day Adventists

Rick
    $500 11
(Rudi: What is Cordoba?)
(Tom: What is Corinthia? What is [*]?)

Corinth

TomRudi
    $500 15
desalination

Triple Stumper
    $500 10
(Tom: What is HBO?)
...
(Alex: You forgot the category, I believe, Tom. The category is 1955. HBO was not around at that time.)

the DuMont network

TomRudi
    $500 20
Tony Randall

Rudi

Scores at the first commercial break (after clue 11):

Rick Tom Rudi
$700 $400 $200

Scores at the end of the Jeopardy! Round:

Rick Tom Rudi
$1,400 $600 $300

Double Jeopardy! Round responses

AMERICAN REVOLUTION
POETRY
BODIES OF WATER
WORD PLAY
RELIGION
TURKEY
    $200 7
(Tom: What is New Hampshire?)

Virginia

RickTom
    $200 15
King Arthur

Rudi
    $200 5
Canada

Tom
    $200 16
(Tom: [No response])

right

RickTom
    $200 1
Sammy Davis, Jr.

Rudi
    $200 17
(Rick: What is a hangover?)
(Alex: No. Whoa!)
...
(Alex: I like Rick's way of thinking, though.)

a Turkish bath

RickRudi
    $400 8
(Alex: He said a lot of things.)

Patrick Henry

Tom
    $400 21
(Tom: What are a young man's thoughts?)

a young man's fancy

TomRudi
    $400 6
(Tom: What is Lucerne?)
(Rick: What is Zurich?)

Geneva

RickTomRudi
    $400 20
conversation

Rudi
    $400 2
Thomas Jefferson

Rudi
    $400 19
an Ottoman

Tom
    $600 12
the Tories (Loyalists)

Tom
    $600 23
(Alex: And we've got less than a minute to go in this Double Jeopardy! round.)

"If"

Tom
    $600 9
England's Lake District

Tom
    $600 22
the Nile

Tom
    $600 3
Mahatma Gandhi

Rudi
    $600 25
(Rudi: What is baklava?)

halva

Rudi
Triple Stumper
    $1,400 13
(Tom: What is Rhode Island?)

the Continental Congresses

Tom
    $800 24
home

Rudi
    $800 10
(Tom: What is South America?)
(Rudi: What is Asia?)

Antarctica

TomRudi
Triple Stumper
    $800 4
Oregon

Tom
    $800 26
[The end-of-round signal sounds.]

Sancta Sophia

Tom
    $1000 14
Paris

Tom
    $1000 11
the Battle of Lake Erie

Tom
    $1000 18
(Tom: Who is Mother Seton?)

Mother Cabrini (St. Frances Cabrini)

Tom
Triple Stumper

Scores at the end of the Double Jeopardy! Round:

Rick Tom Rudi
$1,200 $3,200 $2,500

[wagering suggestions for these scores]

Final Jeopardy! Round responses

BUSINESS & INDUSTRY
RickWhat is Getty Oil Co.
$1,000
RudiWhat is Exxon?
$2,499
TomWhat is Westinghouse
$1,800
Arco (Atlantic Richfield)

Final scores:

Rick Tom Rudi
$200 $1,400 $1
2nd place: recliner + Yamaha portable keyboard New champion: $1,400 3rd place: Botany 500 suit & sport coat

Game dynamics:

Coryat scores:

Rick Tom Rudi
$1,200 $5,100 $2,500
8 R,
2 W
17 R,
10 W
(including 2 DDs)
17 R,
7 W

Combined Coryat: $8,800

[game clues] [game scores] [suggest correction]

Game tape date: 1984-10-16
The J! Archive is created by fans, for fans. Scraping, republication, monetization, and malicious use prohibited; this site may use cookies and collect identifying information. See terms. The Jeopardy! game show and all elements thereof, including but not limited to copyright and trademark thereto, are the property of Jeopardy Productions, Inc. and are protected under law. This website is not affiliated with, sponsored by, or operated by Jeopardy Productions, Inc. Join the discussion at JBoard.tv.